000 00401 a2200133 4500
001 ART_6964
005 20260410161659.0
008 260409a
245 1 0 _aUn vínculo sutil y no siempre comprendido en medio siglo
100 1 _aLanteri, Luis
700 1 _aKatz, Sebastián
700 1 _aVargas, Sebastián
773 0 _tEnsayos Económicos
_g- Nº 47 (abr./jun. 2007)
_wREV620
999 _c15023
_d15023